Prótasis maxilofaciales / (Record no. 123544)

MARC details
000 -LEADER
campo de control de longitud fija 00588nam a2200193 4500
001 - NÚMERO DE CONTROL
campo de control 123544
003 - IDENTIFICADOR DE NÚMERO DE CONTROL
campo de control ES-MaACL
005 - FECHA Y HORA DE LA ÚLTIMA TRANSACCIÓN
campo de control 20230906192207.0
007 - CAMPO FIJO DE DESCRIPCIÓN FÍSICA--INFORMACIÓN GENERAL
campo de control de longitud fija t|
008 - DATOS DE LONGITUD FIJA--INFORMACIÓN GENERAL
campo de control de longitud fija 070214s1973 sp r ||||1| spa d
100 1# - ENTRADA PRINCIPAL--NOMBRE DE PERSONA
Nombre de persona Rahn, Arthur C.
9 (RLIN) 95009
245 10 - MENCIÓN DEL TÍTULO
Título Prótasis maxilofaciales /
Mención de responsabilidad, etc. Arthur C. Rahn y Louis J. Boucher ; versión Mariano Sanz Martín.
250 ## - MENCION DE EDICION
Mención de edición 1ª ed.
260 ## - PUBLICACIÓN, DISTRIBUCIÓN, ETC.
Lugar de publicación, distribución, etc. Barcelona :
Nombre del editor, distribuidor, etc. Toray,
Fecha de publicación, distribución, etc. 1973.
300 ## - DESCRIPCIÓN FÍSICA
Extensión 297 p. :
Otras características físicas il. ;
Dimensiones 25 cm.
700 1# - ENTRADA AGREGADA--NOMBRE PERSONAL
Nombre de persona Boucher, Louis J.
9 (RLIN) 30832
700 1# - ENTRADA AGREGADA--NOMBRE PERSONAL
Nombre de persona Sanz Martín, Mariano.
9 (RLIN) 103662
852 ## - LOCALIZACIÓN
Ubicación ES-MaACL
Número de control de estantería C-53276
Sublocalización o colección R.86193
Holdings
Estatus retirado Estado de pérdida Estado de daño No para préstamo Biblioteca de origen Biblioteca actual Ubicación en estantería Fecha de adquisición Fuente de adquisición Total de préstamos Signatura topográfica completa Código de barras Visto por última vez Precio de reemplazo Tipo de ítem Koha
        Biblioteca del Ateneo de Madrid Biblioteca del Ateneo de Madrid Depósito 2 17/01/2008     C-53276 1128720 23/02/2023 23/02/2023 Libro impreso